[Event "SLO-chT2 Ost"]
[Site "Slovenia"]
[Date "2021.09.11"]
[Round "1.3"]
[White "Jovic, Ivan"]
[Black "Sibilja, Miroslav"]
[Result "0-1"]
[WhiteElo "1692"]
[BlackElo "1492"]
[PlyCount "78"]
[EventDate "2021.09.11"]
[EventType "team-tourn"]
[EventRounds "9"]
[EventCountry "SLO"]
[SourceTitle "EXT 2024"]
[Source "ChessBase"]
[SourceDate "2023.10.10"]
[SourceVersion "1"]
[SourceVersionDate "2023.10.10"]
[SourceQuality "1"]
[WhiteTeam "Trbovlje Rudar"]
[BlackTeam "Milan Majcen Sevnica"]
[WhiteTeamCountry "SLO"]
[BlackTeamCountry "SLO"]

1. e4 e6 2. Nf3 d5 3. exd5 exd5 4. d4 Bd6 5. c3 Ne7 6. Be3 Bf5 7. Nbd2 Qd7 8. Qb3 c6 9. Be2 f6 10. 0-0 0-0 11. c4 Ng6 12. cxd5 Kh8 13. dxc6 Nxc6 14. d5 Nb4 15. Nd4 Nxd5 16. Nxf5 Qxf5 17. Bf3 Nxe3 18. Qxe3 Bf4 19. Qe4 Qe5 20. Nc4 Bxh2+ 21. Kh1 Qxe4 22. Bxe4 Be5 23. Bxb7 Rab8 24. Be4 Bxb2 25. Rad1 Ne5 26. Ne3 Rfd8 27. Rb1 Bd4 28. Nf5 Rxb1 29. Bxb1 Bxf2 30. a4 g6 31. Ne7 Kg7 32. Ba2 Rd2 33. Be6 Bc5 34. Nd5 f5 35. Rc1 Ng4 36. Nf4 Nf2+ 37. Kh2 Bd6 38. Kg3 Nd3 39. Rf1 Nxf4 0-1